К вопросу организации учета экологического компонента при сооружении скважин; Проблемы научно-технического прогресса в бурении скважин

Bibliographic Details
Parent link:Проблемы научно-технического прогресса в бурении скважин.— 2014.— [С. 421-425]
Main Author: Матюгина Э. Г. Элеонора Григорьевна
Corporate Author: Национальный исследовательский Томский политехнический университет (ТПУ) Институт природных ресурсов (ИПР) Кафедра экономики природных ресурсов (ЭПР)
Other Authors: Глызина Т. С. Татьяна Святославовна
Summary:Заглавие с титульного экрана
Language:Russian
Published: 2014
Series:Проблемы и перспективы техники и технологии в проведении геологоразведочных горных выработок
Subjects:
Online Access:http://earchive.tpu.ru/handle/11683/25560
http://www.lib.tpu.ru/fulltext/c/2014/C94/054.pdf
Format: MixedMaterials Electronic Book Chapter
KOHA link:https://koha.lib.tpu.ru/cgi-bin/koha/opac-detail.pl?biblionumber=611063

MARC

LEADER 00000naa2a2200000 4500
001 611063
005 20240125144746.0
035 |a (RuTPU)RU\TPU\conf\8705 
035 |a RU\TPU\conf\8704 
090 |a 611063 
100 |a 20150211d2014 k y0rusy50 ca 
101 0 |a rus 
102 |a RU 
105 |a y z 101zy 
135 |a drcn ---uucaa 
181 0 |a i  
182 0 |a b 
200 1 |a К вопросу организации учета экологического компонента при сооружении скважин  |f Э. Г. Матюгина, Т. С. Глызина 
203 |a Текст  |c электронный 
225 1 |a Проблемы и перспективы техники и технологии в проведении геологоразведочных горных выработок 
300 |a Заглавие с титульного экрана 
320 |a [Библиогр.: с. 425 (4 назв.)] 
337 |a Adobe Reader 
463 0 |0 (RuTPU)RU\TPU\conf\8652  |t Проблемы научно-технического прогресса в бурении скважин  |o сборник докладов Всероссийской научно-технической конференции с международным участием , посвященной 60-летию кафедры бурения скважин, Томск, 2014 г.  |f Томский политехнический университет (ТПУ), Институт геологии и нефтегазового дела (ИГНД); под ред. В. Г. Храменкова  |v [С. 421-425]  |d 2014 
610 1 |a труды учёных ТПУ 
610 1 |a электронный ресурс 
610 1 |a сооружения 
610 1 |a скважины 
610 1 |a экологизация 
610 1 |a производство 
610 1 |a нефтегазовая отрасль 
700 1 |a Матюгина  |b Э. Г.  |c экономист  |c профессор Томского политехнического университета, доктор экономических наук  |f 1971-  |g Элеонора Григорьевна  |3 (RuTPU)RU\TPU\pers\33529 
701 1 |a Глызина  |b Т. С.  |c химик-технолог  |c старший преподаватель Томского политехнического университета, кандидат химических наук  |f 1975-  |g Татьяна Святославовна  |3 (RuTPU)RU\TPU\pers\25610  |9 11539 
712 0 2 |a Национальный исследовательский Томский политехнический университет (ТПУ)  |b Институт природных ресурсов (ИПР)  |b Кафедра экономики природных ресурсов (ЭПР)  |3 (RuTPU)RU\TPU\col\18668 
801 2 |a RU  |b 63413507  |c 20220225  |g RCR 
856 4 |u http://earchive.tpu.ru/handle/11683/25560 
856 4 |u http://www.lib.tpu.ru/fulltext/c/2014/C94/054.pdf 
942 |c BK